| 000 | 00549nam a2200217 a 4500 | ||
|---|---|---|---|
| 999 |
_c4479 _d4479 |
||
| 001 | 4479 | ||
| 003 | BD-JhCC | ||
| 005 | 20171129101712.0 | ||
| 008 | 171127s1960 enka|||| |||| 000 0 eng d | ||
| 035 | _a(BD-JhCC)4479 | ||
| 040 |
_aBD-JhCC _dBD-JhCC |
||
| 041 | _aeng | ||
| 082 |
_a551 _bMCK 1960 |
||
| 100 | _aMckay, Herbert | ||
| 245 |
_aHalf-Hours With Geology / _cHerbert Mckay. |
||
| 260 |
_aLondon : _bOxford University Press, _c1960. |
||
| 300 |
_avi, 140 p. : _billus., _c18 cm. |
||
| 650 | _aGeology | ||
| 942 |
_2ddc _cBK |
||